|
|
|
|
| LEADER |
00000nam0a2200000 4500 |
| 001 |
354260 |
| 005 |
20231102010656.0 |
| 035 |
|
|
|a (RuTPU)RU\TPU\retro\11518
|
| 090 |
|
|
|a 354260
|
| 100 |
|
|
|a 20200617d1972 m y0rusy50 ca
|
| 101 |
0 |
|
|a rus
|
| 102 |
|
|
|a BY
|
| 105 |
|
|
|a a j 001zy
|
| 200 |
1 |
|
|a Задачи и упражнения по высшей математике
|e учебное пособие для вузов
|h Ч. 1
|f А. А. Гусак
|
| 210 |
|
|
|a Минск
|c Вышэйшая школа
|d 1972
|
| 215 |
|
|
|a 327 с.
|c ил.
|
| 320 |
|
|
|a Библиогр.: с. 327
|
| 606 |
1 |
|
|a Математика высшая
|2 stltpush
|3 (RuTPU)RU\TPU\subj\3986
|9 32308
|
| 610 |
1 |
|
|a задачи
|
| 610 |
1 |
|
|a упражнения
|
| 610 |
1 |
|
|a учебные пособия
|
| 610 |
1 |
|
|a аналитическая геометрия
|
| 610 |
1 |
|
|a плоскости
|
| 610 |
1 |
|
|a прямые линии
|
| 610 |
1 |
|
|a линии второго порядка
|
| 610 |
1 |
|
|a математический анализ
|
| 610 |
1 |
|
|a функции
|
| 610 |
1 |
|
|a пределы
|
| 610 |
1 |
|
|a дифференциальное исчисление
|
| 610 |
1 |
|
|a производные
|
| 610 |
1 |
|
|a интегральное исчисление
|
| 610 |
1 |
|
|a неопределенные интегралы
|
| 610 |
1 |
|
|a определенные интегралы
|
| 610 |
1 |
|
|a системы линейных уравнений
|
| 610 |
1 |
|
|a определители
|
| 610 |
1 |
|
|a матрицы
|
| 675 |
|
|
|a 51(076)
|v 4
|
| 700 |
|
1 |
|a Гусак
|b А. А.
|g Алексей Адамович
|
| 801 |
|
1 |
|a RU
|b 63413507
|c 20200617
|
| 801 |
|
2 |
|a RU
|b 63413507
|c 20210119
|g RCR
|
| 942 |
|
|
|c BK
|